|
|
|
|
| LEADER |
00755nab#a2200277#ar4500 |
| 001 |
000020121 |
| 003 |
SVKKK |
| 005 |
00000000000000.0 |
| 008 |
c xo e sloo |
| FMT |
|
|
|
| 038 |
|
|
|a SVKKK
|
| 040 |
|
|
|a SVKKK
|b slo
|e AACR2
|
| 041 |
0 |
|
|a slo
|
| 044 |
|
|
|a xo
|c SK
|
| 080 |
|
|
|a 177.
|2 1981
|
| 100 |
0 |
|
|a (peť)
|4 aut
|
| 245 |
1 |
0 |
|a Prejavili dobrotu srdca
|c (peť) ,
|
| 650 |
0 |
4 |
|a Technická univerzita, Košice
|x zbierka peňažná
|z Blaško, Dušan (zamestnanec býv.)
|x nehoda dopravná
|x usmrtenie
|x pomoc rodine
|x informácie
|
| 773 |
0 |
|
|t Košický denník
|g Roč. 1, č. 2(1999), dát. 0407, s. 11
|
| 957 |
|
|
|a Košice
|
| 958 |
|
|
|a KE
|
| 974 |
|
|
|d 990611
|a Čr
|
| 992 |
|
|
|a RBX
|
| BAS |
|
|
|
| 852 |
|
|
|a SVKKK
|b BIB
|
| 998 |
|
|
|a REG
|